<?xml version="1.0" encoding="UTF-8"?><?xml-stylesheet type="text/xsl" href="static/style.xsl"?><OAI-PMH xmlns="http://www.openarchives.org/OAI/2.0/" xmlns:xsi="http://www.w3.org/2001/XMLSchema-instance" xsi:schemaLocation="http://www.openarchives.org/OAI/2.0/ http://www.openarchives.org/OAI/2.0/OAI-PMH.xsd"><responseDate>2026-04-14T03:05:50Z</responseDate><request verb="GetRecord" identifier="oai:www.recercat.cat:10459.1/464983" metadataPrefix="marc">https://recercat.cat/oai/request</request><GetRecord><record><header><identifier>oai:recercat.cat:10459.1/464983</identifier><datestamp>2025-09-15T18:52:47Z</datestamp><setSpec>com_2072_3622</setSpec><setSpec>col_2072_479130</setSpec></header><metadata><record xmlns="http://www.loc.gov/MARC21/slim" xmlns:dcterms="http://purl.org/dc/terms/" xmlns:xsi="http://www.w3.org/2001/XMLSchema-instance" xmlns:doc="http://www.lyncode.com/xoai" xsi:schemaLocation="http://www.loc.gov/MARC21/slim http://www.loc.gov/standards/marcxml/schema/MARC21slim.xsd">
   <leader>00925njm 22002777a 4500</leader>
   <datafield ind2=" " ind1=" " tag="042">
      <subfield code="a">dc</subfield>
   </datafield>
   <datafield ind2=" " ind1=" " tag="720">
      <subfield code="a">Schaper, Marie-Monique</subfield>
      <subfield code="e">author</subfield>
   </datafield>
   <datafield ind2=" " ind1=" " tag="720">
      <subfield code="a">Márquez Segura, Elena</subfield>
      <subfield code="e">author</subfield>
   </datafield>
   <datafield ind2=" " ind1=" " tag="720">
      <subfield code="a">Malinverni, Laura</subfield>
      <subfield code="e">author</subfield>
   </datafield>
   <datafield ind2=" " ind1=" " tag="720">
      <subfield code="a">Pares, Narcis</subfield>
      <subfield code="e">author</subfield>
   </datafield>
   <datafield ind2=" " ind1=" " tag="260">
      <subfield code="c">2023-09-01</subfield>
   </datafield>
   <datafield ind2=" " ind1=" " tag="520">
      <subfield code="a">Embodied, co-design and children-specific methods have been gaining traction in Interaction Design for Children, and their potential and benefits are well-established. Yet methods at the intersection of all three areas are scarcer. In addition, design researchers lack tools for the analysis and adaptation of existing methods, and the creation of new ones to suit the particularities of the design project at hand. Here, we present the Think-4-EmCoDe framework for the design and analysis of embodied co-design methods and techniques for children, which foregrounds key qualities in embodied interaction design research: (1) embodied awareness; (2) reflective imaginary; (3) emergence; (4) embodied memory; (5) situated relationality; (6) contingency; (7) playful engagement; (8) play practice; (9) developmental scaffolds; and (10) social dialogue. The framework has been developed drawing from several theories, methods, and frameworks in the areas of co-design and embodied design approaches. This framework allows designers to focus on both general design qualities for embodied experiences and the specific child perspective. We illustrate the use of the framework through the analysis of three design techniques and discuss its potential as an inspirational tool to understand, adapt and refine embodied co-design techniques for children.</subfield>
   </datafield>
   <datafield ind2=" " ind1=" " tag="520">
      <subfield code="a">This work is supported by the Spanish Ministry of Economy and
Competitiveness (Grant TIN2014-60599-P); Beatriz Galindo Grant
(#BEAGAL18/00175) at UC3M, and the Madrid Government (Comunidad de Madrid) under the Multiannual Agreement with UC3M in the
line of “Research Funds for Beatriz Galindo Fellowships” (MOVINTPLAYLAB-CM-UC3M), and in the context of the V PRICIT (Regional
Programme of Research and Technological Innovation). The technique
PES4CT was conducted as part of the Super Trouper Project, funded by is
funded by the Swedish Science Council, Vetenskapsrådet (award number: 2017-04880). Finally, we would like to thank the participants of our
workshops.</subfield>
   </datafield>
   <datafield tag="653" ind2=" " ind1=" ">
      <subfield code="a">Children</subfield>
   </datafield>
   <datafield tag="653" ind2=" " ind1=" ">
      <subfield code="a">Co-design</subfield>
   </datafield>
   <datafield tag="653" ind2=" " ind1=" ">
      <subfield code="a">Embodiment</subfield>
   </datafield>
   <datafield tag="653" ind2=" " ind1=" ">
      <subfield code="a">Design techniques</subfield>
   </datafield>
   <datafield tag="653" ind2=" " ind1=" ">
      <subfield code="a">Design methods</subfield>
   </datafield>
   <datafield ind2="0" ind1="0" tag="245">
      <subfield code="a">Think-4-EmCoDe framework: Highlighting key qualities in embodied co-design techniques for children</subfield>
   </datafield>
</record></metadata></record></GetRecord></OAI-PMH>